000 00202 a2200097 4500
001 25499
100 _aLevy R B
245 _aHuman relations
260 _a
_bInt Textt Book co
_c
090 _c17223
_d17223
942 _aNUST-CAE
_cM
_c8029
999 _c260572
_d260572